TH-SOF-1267-Cyclic Durability Testing and Gait Analysis of Lower Limb Prosthetic Foot developed by CEME and Redesign of Prosthetic Foot as per International Standards Organization Standard (ISO-26675) (Record no. 577162)
[ view plain ]
| 000 -LEADER | |
|---|---|
| fixed length control field | 00502nam a22001217a 4500 |
| 082 ## - DEWEY DECIMAL CLASSIFICATION NUMBER | |
| Classification number | 200 THE |
| 100 ## - MAIN ENTRY--PERSONAL NAME | |
| Personal name | Aamir Naveed |
| 9 (RLIN) | 70129 |
| 245 ## - TITLE STATEMENT | |
| Title | TH-SOF-1267-Cyclic Durability Testing and Gait Analysis of Lower Limb Prosthetic Foot developed by CEME and Redesign of Prosthetic Foot as per International Standards Organization Standard (ISO-26675) |
| 260 ## - PUBLICATION, DISTRIBUTION, ETC. | |
| Place of publication, distribution, etc. | Islamabad |
| Name of publisher, distributor, etc. | NUST College of EME |
| Date of publication, distribution, etc. | 2016 |
| 650 ## - SUBJECT ADDED ENTRY--TOPICAL TERM | |
| Topical term or geographic name entry element | MS-MTS-82 MSTHESIS |
| 9 (RLIN) | 69450 |
| 700 ## - ADDED ENTRY--PERSONAL NAME | |
| Personal name | Supervisor Dr. Mohsin Islam Tiwana |
| 942 ## - ADDED ENTRY ELEMENTS (KOHA) | |
| Koha item type | Computer Files |
| Withdrawn status | Lost status | Damaged status | Not for loan | Permanent Location | Current Location | Shelving location | Date acquired | Total Checkouts | Full call number | Barcode | Date last seen | Price effective from | Koha item type |
|---|---|---|---|---|---|---|---|---|---|---|---|---|---|
| College of Electrical & Mechanical Engineering (CEME) | College of Electrical & Mechanical Engineering (CEME) | Reference | 11/22/2019 | 200 THE | TH-SOF-1267 | 06/28/2021 | 06/28/2021 | Computer Files |
